000 00704nam a2200229 i 4500
001 C2-0280386
003 PPAK
005 20230523172229.0
008 070624s2006 my a gr 000 may d
020 _a9679311783
040 _aPPAK
_beng
_cPPAK
_erda
082 0 4 _a011.44074595
_223
090 0 0 _a011.44074595
_bKAT
_dKK
245 0 0 _aKatalog koleksi nadir dan peribadi Perpustakaan Negara Malaysia
264 1 _aKuala Lumpur :
_bPerpustakaan Negara Malaysia ,
_c2006
300 _a200 pages :
_billustrations ;
_c20 cm
336 _atext
_2rdacontent
337 _aunmediated
_2rdamedia
338 _avolume
_2rdacarrier
650 1 0 _aRare books
_zMalaysia.
942 _cB
_2ddc
999 _c86944
_d86944